Countries with reindeers - Statistics

General Stats
  • This quiz has been taken 32 times
    19 since last reset
  • The average score is 6 of 8
Answer Stats
Answer % Correct
Canada
100%
Norway
100%
Russia
100%
United States
100%
Finland
88%
Iceland
82%
Mongolia
59%
France
12%
No matching quizzes found
Score Distribution
Percent of People with Each Score
Percentile by Number Answered
Your Score History
You have not taken this quiz since the last reset